Statistics for Country Names in Persian Quiz

Click here to take the quiz!

General Stats

  • This quiz has been taken 185 times
  • The average score is 12 of 18

Answer Stats

PersianEnglish% Correct
OstoroliyāAustralia
94%
MogholestānMongolia
94%
FarānseFrance
91%
LitvāniLithuania
89%
Āfrighā-ye JunubiSouth Africa
86%
KrovāsiCroatia
79%
ĀlmānGermany
77%
MesrEgypt
75%
OtrishAustria
73%
HendIndia
65%
AljazāyerAlgeria
63%
GorjestānGeorgia
55%
OrdonJordan
55%
YunānGreece
54%
MajārestānHungary
49%
So'edSweden
45%
GhebresCyprus
41%
LahestānPoland
34%

Score Distribution

Percentile by Number Answered

Percent of People with Each Score

Your Score History

You have not taken this quiz